000 00303nam a2200157Ia 4500
100 _aAravamudan/R
650 _aISRO
942 _cBK
366 _f20
245 _aISRO:A personal history
260 _bHarper collins
_c2017
082 _bARA
300 _a240
546 _aENGLISH
999 _c33512
_d33512